América Latina y el futuro de las políticas emancipatorias /
Conferencia y acto de clausura de la XXIII Asamblea General Ordinaria del Consejo Latinoamericano de Ciencias Sociales (CLACSO) realizado del 7 al 10 de octubre de 2009 en Cochabamba, Bolivia.
Guardado en:
| Hovedforfatter: | |
|---|---|
| Format: | Texto |
| Fag: | |
| Tags: |
Tilføj Tag
Ingen Tags, Vær først til at tagge denne postø!
|
MARC
| LEADER | 00000 a a2200000 04500 | ||
|---|---|---|---|
| 001 | 40778 | ||
| 003 | |||
| 040 | |||
| 100 | |a García Linera, Alvaro | ||
| 245 | |a América Latina y el futuro de las políticas emancipatorias / |c Alvaro García Linera | ||
| 520 | |a Conferencia y acto de clausura de la XXIII Asamblea General Ordinaria del Consejo Latinoamericano de Ciencias Sociales (CLACSO) realizado del 7 al 10 de octubre de 2009 en Cochabamba, Bolivia. | ||
| 590 | |a RRA/JUNIO2011 | ||
| 650 | |a CONFERENCIAS | ||
| 650 | |a NEOLIBERLISMO | ||
| 650 | |a MOVIMIENTOS SOCIALES | ||
| 650 | |a CAMBIO SOCIAL | ||
| 650 | |a DEMOCRATIZACION | ||
| 650 | |a AMERICA LATINA | ||
| 650 | |a BOLIVIA | ||
| 773 | |g volumen2, número3 (2010), páginas 293-306 | ||
| 999 | |c 21578 |d 21578 | ||
